000 00926nam a22002897a 4500
001 5507
003 FISKH
005 20250814143701.0
008 241213b cb ||||| |||| 00| 0 eng d
020 _a9780545600286
040 _aFISKH
_beng
_cFISKH
_dFISKH
050 _aQE521.D65
082 _a551.21
100 _aO'Meara , Donna
245 _aInto the volcano :
_ba volcano researcher at work /
_cby Donna O'Meara
260 _aNew York :
_bScholastic ;
_c2005 .
300 _a56 pages :
_bcolor illustrations ;
_c23 cm .
505 _aZ
520 _aGet up close and personal with some of the world's most dangerous volcanoes through the eyes of volcano researcher Donna O'Meara.
521 8 _a960
_bLexile
521 8 _aZ
_bRaz-Plus
650 _ayoung adult
_vNon-fiction
650 _avolcano
_vNon-fiction
700 _aNaimska, Julia
_edesigner
942 _2ddc
_cBK
_n0
999 _c5507
_d5507